Statistics for UK Cities Beginning With S

Click here to take the quiz!

General Stats

  • This quiz has been taken 39 times
  • The average score is 6 of 11

Answer Stats

Nation Answer % Correct
WalesSwansea
92%
EnglandSouthampton
92%
EnglandSheffield
70%
EnglandSunderland
68%
EnglandStoke-on-Trent
46%
ScotlandStirling
46%
WalesSt David's
46%
EnglandSalisbury
46%
EnglandSalford
38%
WalesSt. Asaph
30%
EnglandSt. Albans
30%

Score Distribution

Percentile by Number Answered

Percent of People with Each Score

Your Score History

You have not taken this quiz